Motores de automóvil
| Main Author: | |
|---|---|
| Format: | Section = Libro |
| Language: | Undetermined Spanish |
| Published: |
Moscú
Mir Moscú
1982
|
| Subjects: |
| LEADER | 00477nam a2200181Ia 4500 | ||
|---|---|---|---|
| 008 | 240829s9999 xx 000 0 und d | ||
| 040 | |a BIBLIOTECA-RUPAP 629.2503 J62 | ||
| 041 | |a spa | ||
| 082 | |a 629.2503 J62 | ||
| 100 | 1 | |a Jóvaj, M.S. | |
| 245 | 1 | 0 | |a Motores de automóvil |
| 260 | |a Moscú |b Mir Moscú |c 1982 | ||
| 300 | |a 655 p. :il. | ||
| 650 | 7 | |a AUTOMOVILES - MOTORES | |
| 650 | 7 | |b MOTORES DE COMBUSTION INTERNA. I. Tít. | |
| 942 | |c BK |2 ddc | ||
| 991 | |a TEXTO | ||
| 999 | |c 9790 | ||